Convención sobre el comercio internacional de especies amenazadas de fauna y flora silvestres: proyecto de conservación y manejo de fauna silvestre
Guardat en:
| Autor corporatiu: | , |
|---|---|
| Format: | Llibre |
| Idioma: | espanyol |
| Publicat: |
Santiago
SAG
1996
|
| Edició: | 2a. ed |
| Matèries: | |
| Etiquetes: |
Afegir etiqueta
Sense etiquetes, Sigues el primer a etiquetar aquest registre!
|
MARC
| LEADER | 00000nam a2200000 a 4500 | ||
|---|---|---|---|
| 001 | UCK0996 | ||
| 003 | CL-VaPUC | ||
| 008 | 041029e19960000CL |||||||||||||||||spa|d | ||
| 082 | 0 | 4 | |a 333.9542 |b MIN |2 21 |
| 110 | 2 | |a Ministerio de Agricultura |e author |9 488802 | |
| 710 | 2 | |a Servicio Agrícola y Ganadero |e author |9 488803 | |
| 245 | 1 | 0 | |a Convención sobre el comercio internacional de especies amenazadas de fauna y flora silvestres: proyecto de conservación y manejo de fauna silvestre |
| 250 | |a 2a. ed | ||
| 300 | |a 72 p | ||
| 942 | |c BK | ||
| 945 | |d 20041029 00:00:00 |a cmena | ||
| 260 | |a Santiago |b SAG |c 1996 | ||
| 650 | 0 | |a Protección del medio ambiente |9 257626 | |
| 650 | 0 | |a Flora y fauna |9 338564 | |
| 650 | 7 | |a COMERCIO INTERNACIONAL |2 CL-VaPUC |9 488804 | |
| 583 | |a last modification |c 20041029 00:00:00 |k Rodrigo Vera | ||
| 999 | |c 311133 |d 311131 | ||